Arqueología del origen del estado: las teorías

Gespeichert in:
Bibliographische Detailangaben
Hauptverfasser: Lull, Vicente (autor), Micó, Rafael (VerfasserIn)
Format: Buch
Sprache:Spanisch
Veröffentlicht: Barcelona Bellaterra 2007
Schlagworte:
Tags: Tag hinzufügen
Keine Tags, Fügen Sie den ersten Tag hinzu!

MARC

LEADER 00000nam a2200000 a 4500
001 UCI5662
003 CL-VaPUC
008 080404e20070000SP |||||||||||||||||spa|d
020 |a 9788472903524 
082 0 4 |a 320.09  |b LUL  |2 21 
100 |a Lull, Vicente  |e autor  |9 528204 
700 0 |a Micó, Rafael  |e author  |9 528205 
245 1 0 |a Arqueología del origen del estado: las teorías 
300 |a 271 p 
942 |c BK 
945 |d 20080404 00:00:00  |a jtorresc 
260 |a Barcelona  |b Bellaterra  |c 2007 
650 0 |a Ciencia política  |9 324218 
650 0 |a Arqueología   |9 265619 
650 7 |a ESTADO Y DEMOCRACIA  |2 CL-VaPUC  |9 465794 
650 0 |a Historia política  |9 256974 
583 |a last modification  |c 20080404 00:00:00  |k Rodrigo Vera 
999 |c 329383  |d 329381 
952 |0 0  |1 0  |4 0  |6 320_090000000000000_LUL_2007  |7 0  |8 A  |9 413981  |a BIBHIS  |b BIBHIS  |d 2019-11-22  |i 4423984  |o 320.09 LUL 2007  |p 4423984  |r 2025-01-20  |w 2019-11-22  |y BK  |k HIS